00415pab a2200145 454500008004000000100002100040245009500061260000900156300001500165362000800180650002200188650002000210650001400230773002500244180718b2017 xxu||||| |||| 00| 0 eng d aBenjamin, Andrea aCoethnic endorsements, out-group candidate preferences, and perceptions in local elections c2017 ap.631-657. aJul aMayoral elections aLocal elections aElections aUrban Affairs Review